Európsky rok aktívneho starnutia a solidarity medzi generáciami 2012
Problém starnutia populácie a s ním súvisiaci vyhlásený Európsky rok aktívneho starnutia a solidarity medzi generáciami 2012. Podpora aktívneho a zdravého starnutia je dôležitá s cieľom zlepšiť kvalitu života starších občanov, ako aj pomôcť im byť pre spoločnosť prínosom aj v staršom veku a znížiť n...
Salvato in:
| Autore principale: | |
|---|---|
| Natura: | Capitolo di libro |
| Lingua: | slovacco |
| Soggetti: | |
| Tags: |
Nessun Tag, puoi essere il primo ad aggiungerne!!
|
MARC
| LEADER | 00000nla a2200000 4500 | ||
|---|---|---|---|
| 001 | 0170067 | ||
| 005 | 20240502072938.4 | ||
| 041 | 0 | |a slo | |
| 044 | |a SK | ||
| 245 | 1 | 0 | |a Európsky rok aktívneho starnutia a solidarity medzi generáciami 2012 |c Jana Gurníková |
| 520 | |a Problém starnutia populácie a s ním súvisiaci vyhlásený Európsky rok aktívneho starnutia a solidarity medzi generáciami 2012. Podpora aktívneho a zdravého starnutia je dôležitá s cieľom zlepšiť kvalitu života starších občanov, ako aj pomôcť im byť pre spoločnosť prínosom aj v staršom veku a znížiť neudržateľný tlak na systémy zdravotníctva. Aktívne starnutie si vyžiada vzájomné prepojenie politík v oblasti tvorby kultúry aktívneho starnutia. Tento proces sa nezaobíde bez zásahov do spoločenských zvyklostí, návykov, noriem a bez ďalších inštitucionálnych a politických zmien. | ||
| 610 | 2 | 0 | |a starnutie populácie |
| 610 | 2 | 0 | |a kvalita života |
| 610 | 2 | 0 | |a generácie |
| 610 | 2 | 0 | |a solidarita |
| 100 | 1 | |a Gurníková, Jana, 1985- | |